000
00332nam a2200145Ia 4500
005
20260328101445.0
008
260328s9999||||xx |||||||||||||| ||und||
100
_a
Fischer, Ernst
245
0
_a
La Necesidad del Arte /
_c
Ernst Fischer
250
_a
1a ed.
260
_b
Penguin
300
_a
270 p.
650
_a
ARTE
942
_c
BK
999
_c
8425
_d
8425